000 00647nam a22001937a 4500
003 OSt
005 20251128083042.0
008 251128b |||||||| |||| 00| 0 eng d
020 _a971-42-0606-5
040 _aDWC-Main Lib
_cOC
082 _aFil. 303.483 Sc416 2004
100 _aBallena, N.
245 _aScience, technology, & society
_cBallena, Naressia Seludo D.
260 _aBulacan :
_b Trinitas Publishing, inc.,
_c c2004
300 _a324 pages :
_c23 cm.
504 _aIncludes bibliographical references
700 _aBernal, Rhodora C.
942 _2ddc
_cBK - FIL
_hFil. 303.483 Sc416 2004
_kFil.
_n0
999 _c6531
_d6531